书目信息 |
| 题名: |
影视录音
|
|
| 作者: | 姚国强 | |
| 分册: | ||
| 出版信息: | 北京 北京广播学院出版社 2002 |
|
| 页数: | 451 | |
| 开本: | 20cm | |
| 丛书名: | ||
| 单 册: | ||
| 中图分类: | J933 | |
| 科图分类: | ||
| 主题词: | 电视摄影 , 电影摄影 | |
| 电子资源: | ||
| ISBN: | 7-81004-977-1 | |
| 000 | 00610nam0 2200205 450 | |
| 001 | 0739037328 | |
| 005 | 20070817105037.32 | |
| 010 | @a7-81004-977-1@b精装@d¥28.00 | |
| 100 | @a20070817d km y0chiy0120 ea | |
| 101 | 0 | @achi |
| 200 | 1 | @a影视录音@Aying shi lu yin@e声音创作与技术制作@f姚国强@Fyao guo qiang |
| 210 | @a北京@c北京广播学院出版社@d2002 | |
| 215 | @a451@d20cm | |
| 517 | 1 | @a声音创作与技术制作@Asheng yin chuang zuo yu ji shu zhi zuo |
| 606 | 0 | @a电视摄影 |
| 606 | 0 | @a电影摄影 |
| 690 | @aJ933@v3 | |
| 701 | 0 | @a姚国强@Ayao guo qiang |
| 801 | 0 | @aCN@bPFT@c20070817 |
| 905 | @a213230@dJ933@eM40 | |
| 影视录音:声音创作与技术制作/姚国强.-北京:北京广播学院出版社,2002 |
| 451;20cm |
| ISBN 7-81004-977-1(精装):¥28.00 |
| ● |
| 相关链接 |
|
|
|
|
正题名:影视录音
索取号:J933/M40
 
预约/预借
| 序号 | 登录号 | 条形码 | 馆藏地/架位号 | 状态 | 备注 |
| 1 | 6400646 | 264006462 | 美术系资料室/ [索取号:J933/M40] | 在馆 |